| 000 | 00372 a2200121 4500 | ||
|---|---|---|---|
| 020 | _a0478253729 | ||
| 022 | _a11740574 | ||
| 082 | _a333.91 KOU | ||
| 100 | _aKouvelis, B. | ||
| 245 |
_aIntegrated Stromwater Management Guidelines for the New zealand Roading Network / _cB. Kouvelis, W, Armstrong |
||
| 260 |
_aNew Zealand : _c2004 |
||
| 300 |
_a166p. : _bill. ; _c30 cm |
||
| 650 | _aStromwater Management | ||
| 999 |
_c2089 _d2089 |
||